书目信息 |
| 题名: |
金戈铁马
|
|
| 作者: | 程郁 , 张和声 著 | |
| 分册: | ||
| 出版信息: | 上海 上海文艺出版社 2005 |
|
| 页数: | 263页 | |
| 开本: | 25cm | |
| 丛书名: | 话说中国 | |
| 单 册: | ||
| 中图分类: | K209 , K247.09 | |
| 科图分类: | ||
| 主题词: | 古代史 , 辽宋金元时代 , 中国--通史 | |
| 电子资源: | ||
| ISBN: | 7-5321-2790-7 | |
| 000 | 01047oam2 2200325 450 | |
| 001 | 1254041285 | |
| 005 | 20121007150117.71 | |
| 010 | @a7-5321-2790-7@dCNY66.00 | |
| 100 | @a20050120d2005 em y0chiy50 ea | |
| 101 | 0 | @achi |
| 102 | @aCN@b310000 | |
| 105 | @aabc z 001yd | |
| 200 | 1 | @a金戈铁马@Ajin ge tie ma@e916年至1368年的中国故事@f程郁,张和声著 |
| 210 | @a上海@c上海文艺出版社@d2005 | |
| 215 | @a263页@c彩图,折图,地图@d25cm | |
| 225 | 2 | @a话说中国 |
| 330 | @a本书介绍了辽、西夏、金、元的政治经济和社会文化的各个层面,并有大量的文物照片、历史遗扯复原图、历史地图、示意图、透视图等。 | |
| 461 | 0 | @12001 @a话说中国 |
| 517 | 1 | @a916年至1368年的中国故事@A916 nian zhi 1368 nian de zhong guo gu shi |
| 606 | 0 | @a古代史 |
| 606 | 0 | @a辽宋金元时代 |
| 606 | 0 | @a中国@x通史 |
| 607 | @a中国@x古代史@z辽宋金元时代@j通俗读物 | |
| 607 | @a中国 | |
| 690 | @aK209@v4 | |
| 690 | @aK247.09@v4 | |
| 701 | 0 | @a程郁@Acheng yu@4著 |
| 701 | 0 | @a张和声@Azhang he sheng@4著 |
| 801 | 0 | @aCN@bNLC@c20101222 |
| 905 | @a10447@dK209@eJY44 | |
| 金戈铁马:916年至1368年的中国故事/程郁,张和声著.-上海:上海文艺出版社,2005 |
| 263页:彩图,折图,地图;25cm.-(话说中国) |
| ISBN 7-5321-2790-7:CNY66.00 |
| 本书介绍了辽、西夏、金、元的政治经济和社会文化的各个层面,并有大量的文物照片、历史遗扯复原图、历史地图、示意图、透视图等。 |
| ● |
| 相关链接 |
|
|
|
|
正题名:金戈铁马
索取号:K209/JY44
 
预约/预借
| 序号 | 登录号 | 条形码 | 馆藏地/架位号 | 状态 | 备注 |
| 1 | 7831970 | 278319703 | 学院路分馆/ [索取号:K209/JY44] | 在馆 |